Rembrandtův slib /

Historický román založený na skutečném příběhu ukřivděné ženy, která se dožadovala spravedlnosti.

Uloženo v:
Hlavní autor: Leahy, Barbara (Autor)
Další autoři: Vlčková, Jana, 1973- (Autor)
Médium: Kniha
Jazyk:Czech
Vydáno: Praha : Ikar, 2026
Vydání:Vydání první
Témata:
Celkem bylo vypůjčeno:0x
Tagy:
Žádné tagy
LEADER 02698nam a2200565 i 4500
001 106220
003 CZ PrNK
005 20260428154941.0
007 ta
008 260414s2026 xr g 000 fdcze
015 |a cnb003743897 
020 |a 9788024958835  |q (vázáno) 
040 |a ABG001  |b cze  |d BOA001  |e rda 
041 1 |a cze  |h eng 
072 7 |a 821.111-3  |x Anglická próza, anglicky psaná  |2 Konspekt  |9 25 
080 |a 821.111(415)-31  |2 MRF 
080 |a 75.071.1  |2 MRF 
080 |a 177.6:343.542  |2 MRF 
080 |a 347.91  |2 MRF 
080 |a (492)  |2 MRF 
080 |a (0:82-311.6)  |2 MRF 
100 1 |a Leahy, Barbara  |7 xx0344210  |4 aut  |9 117301 
240 1 0 |a Rembrandt's promise.  |l Česky 
245 1 0 |a Rembrandtův slib /  |c Barbara Leahy ; přeložila Jana Vlčková 
250 |a Vydání první 
264 1 |a Praha :  |b Ikar,  |c 2026 
300 |a 383 stran ;  |c 21 cm 
336 |a text  |b txt  |2 rdacontent 
337 |a bez média  |b n  |2 rdamedia 
338 |a svazek  |b nc  |2 rdacarrier 
500 |a Přeloženo z angličtiny 
520 2 |a Historický román založený na skutečném příběhu ukřivděné ženy, která se dožadovala spravedlnosti.  |b Nizozemsko v roce 1642 prožívá zlatý věk a Amsterdam vzkvétá. Do tohoto ohniska bohatství a kultury se přistěhuje Geertje, zchudlá vdova z Edamu, a získá místo chůvy v domě proslulého malíře Rembrandta. Po smrti jeho ženy se s ním Geertje sblíží. A navzdory varování svých přátel si s mistrem světla a stínů začne vášnivý románek, který má zničující následky. Nakladatelská anotace. Kráceno. 
600 0 7 |a Rembrandt Harmensz. van Rijn,  |d 1606-1669  |7 jn20000701488  |2 czenas  |9 25745 
648 7 |a 17. století  |7 ch460555  |2 czenas  |9 52885 
650 0 7 |a malíři  |7 ph122596  |y 17. století  |z Nizozemsko  |2 czenas 
650 0 7 |a milostné aféry  |7 ph174183  |y 17. století  |z Nizozemsko  |2 czenas 
650 0 7 |a soudní spory  |7 ph731581  |y 17. století  |z Nizozemsko  |2 czenas 
650 0 9 |a painters  |y 17th century  |z Netherlands  |2 eczenas 
650 0 9 |a scandalous love affairs  |y 17th century  |z Netherlands  |2 eczenas 
650 0 9 |a lawsuits  |y 17th century  |z Netherlands  |2 eczenas 
655 7 |a irské romány (anglicky)  |7 fd132475  |2 czenas  |9 53646 
655 7 |a historické romány  |7 fd132414  |2 czenas  |9 53624 
655 9 |a Irish fiction (English)  |2 eczenas 
655 9 |a historical novels  |2 eczenas 
700 1 |a Vlčková, Jana,  |d 1973-  |7 mzk2003184700  |4 trl  |9 21792 
710 2 |a Ikar (nakladatelství)  |7 xx0237091  |4 pbl  |9 117123 
910 |a UOG502 
942 |2 ddc  |c KN 
999 |d 106220 
993 |0 0  |1 421180106946  |2 ddc  |4 0  |7 0  |9 99563  |b 0  |c 106946  |d 2026-04-28  |e 0  |f DOSP  |h 499.00  |i Koupě  |l DOSP  |r 2026-04-28  |t 6  |w 2026-04-28  |y KN  |z HISTO  |n